| 000 | 00532nam a2200205Ia 4500 | ||
|---|---|---|---|
| 003 | OSt | ||
| 005 | 20250709093242.0 | ||
| 008 | 210210b2007 xxu||||| |||| 00| 0 eng d | ||
| 020 | _a8121901456 | ||
| 040 | _cAL | ||
| 041 | _aeng | ||
| 082 | _a581.4 PANP | ||
| 100 |
_aPandey B P _9211454 |
||
| 245 |
_aPlant anatomy _b: including embryology and morphogenesis of angiosperms |
||
| 260 |
_aNew Delhi _bS. Chand & Co. Ltd. _c2007 |
||
| 300 | _aix,517p. | ||
| 690 |
_aPlant Anatomy _9211455 |
||
| 906 | _a061753 | ||
| 942 |
_2ddc _cBK |
||
| 999 |
_c108523 _d108523 |
||